=LDR 00000nam 2200000 4500 =001 INLIS000000000043998 =005 20210107105242 =035 ##$$a 0010-101300000001920 =008 210107###########################0###### =041 ##$$a Ind =082 ##$$a 2x0 =090 ##$$a 2x0, Shi m =100 ##$$a Shihab, M. Quraish =245 1#$$a Anda bertanya, Quraish Shihab menjawab berbagai masalah keislaman, M. Quraish Shihab =260 ##$$a 2002 :$b Bandung =300 ##$$a xxii, 344 hlm, 21 cm =650 #4$$a Agama islam =850 ##$$a NBPNMAT